Queueing networks and markov chains : modeling and performance evaluation with computer science applications
Αποθηκεύτηκε σε:
| Άλλοι συγγραφείς: | |
|---|---|
| Μορφή: | Βιβλίο |
| Γλώσσα: | English |
| Δημοσίευση: |
Hoboken, N.J. :
Wiley-Interscience,
c2006
|
| Έκδοση: | 2nd ed. |
| Θέματα: | |
| Ετικέτες: |
Προσθήκη ετικέτας
Δεν υπάρχουν, Καταχωρήστε ετικέτα πρώτοι!
|
MARC
| LEADER | 00000nam a2200000 i 4500 | ||
|---|---|---|---|
| 001 | 1/50878 | ||
| 008 | 070910s2006 eng d | ||
| 020 | |a 978-0-471-56525-3 | ||
| 020 | |a 0-471-56525-3 | ||
| 035 | |l 10089570 | ||
| 040 | |a GR-MY-UA |b gre |e aacr | ||
| 041 | 0 | |a eng | |
| 082 | 0 | |a 004.2401519233 | |
| 245 | 1 | 0 | |a Queueing networks and markov chains : |b modeling and performance evaluation with computer science applications / |c Gunter Bolch ... [και ά.] |
| 250 | |a 2nd ed. | ||
| 260 | |a Hoboken, N.J. : |b Wiley-Interscience, |c c2006 | ||
| 300 | |a xvi, 878 σ.; |b εικ.; |c 25 εκ. | ||
| 504 | |a Βιβλιογραφία: σ. 821-868. Ευρετήριο | ||
| 650 | 0 | 0 | |a Electronic digital computers |x Evaluation. |
| 650 | 0 | 0 | |a Markov processes. |
| 650 | 0 | 0 | |a Queuing theory. |
| 700 | 0 | |a Bolch, Gunter. | |
| 852 | |a INST |b CHIOS |e 20070806 |h 004.2401519233 QUE |p 005200025679 |q 005200025679 |t BK |y 0 | ||
| 901 | |a BIBL2-2007-3 | ||
| 909 | |a Χ |b 137207 | ||
| 922 | |a 2ΕΛΗ |b 200707 |c ΕΠΕΑΕΚ2/ΤΜΟΔ |d ΕΛΕΥΘΕΡΟΥΔΑΚΗΣ | ||
| 970 | |a ΑΤΣΑΛΗ |b ΔΕΣΠΟΙΝΑ |z 2007/09/10 | ||